[Event "AUTO-OPEN-871"]
[Site "http://www.queenalice.com/game.php?id=289135"]
[Date "2007.10.19"]
[Round "1"]
[White "FMP"]
[Black "JailtonMendes"]
[Result "1-0"]
[WhiteElo "1898"]
[BlackElo "1775"]

1. e4 c5 2. Nf3 d6 3. Bb5+ Bd7 4. Bxd7+ Nxd7 5. O-O Ngf6 6. Qe2 Qc7 7. Nc3 e6 8.
d3 Be7 9. Bg5 O-O 10. d4 Rfe8 11. e5 dxe5 12. dxe5 Ng4 13. Bxe7 Rxe7 14. Rfe1 a6
15. h3 Nh6 16. Rad1 Nb6 17. Rd6 Nf5 18. Rd2 Qc6 19. Red1 Rd7 20. Rxd7 Nxd7 21.
Ne4 Nb6 22. b3 Nd5 23. c4 Nf4 24. Qc2 b6 25. Nd6 Nxh3+ 26. Kh2 Nf4 27. Nxf5 exf5
28. Qxf5 Qh6+ 29. Kg1 Ne2+ 30. Kf1 Nf4 31. Ng1 Ne6 32. Nh3 1-0

[Event "AUTO-OPEN-871"]
[Site "http://www.queenalice.com/game.php?id=289136"]
[Date "2007.10.19"]
[Round "1"]
[White "JailtonMendes"]
[Black "FMP"]
[Result "0-1"]
[WhiteElo "1842"]
[BlackElo "1868"]

1. e4 e5 2. Nf3 d6 3. Bc4 Bg4 4. h3 Bh5 5. d3 h6 6. Nc3 Nf6 7. g4 Bg6 8. Nh4 Bh7
9. Nf5 Nc6 10. g5 hxg5 11. Bxg5 Bxf5 12. exf5 Nd4 13. Nd5 Be7 14. Nxe7 Qxe7 15.
c3 Nxf5 16. Qf3 Nh6 17. Qxb7 O-O 18. Bxh6 gxh6 19. Qf3 Nh7 20. O-O-O Qf6 21.
Rdg1+ Kh8 22. Qc6 Qe7 23. Rg3 Qh4 24. Qxc7 Qf4+ 25. Kb1 Qxf2 0-1

[Event "AUTO-OPEN-871"]
[Site "http://www.queenalice.com/game.php?id=289163"]
[Date "2007.10.19"]
[Round "1"]
[White "JailtonMendes"]
[Black "Gil"]
[Result "0-1"]
[WhiteElo "1738"]
[BlackElo "2207"]

1. e4 c5 2. Nf3 Nc6 3. d4 cxd4 4. Nxd4 Nf6 5. Nc3 g6 6. Be3 Bg7 7. f3 O-O 8. Qd2
e5 9. Nb3 d5 10. exd5 Nb4 11. Bc5 Nbxd5 12. O-O-O Be6 13. Bc4 Nxc3 14. Qxc3 Bd7
15. Bxf8 Qxf8 16. Qxe5 Rc8 17. Qe2 Re8 18. Qd3 Rc8 19. g4 Qb4 20. Nd2 Bh6 21.
Kb1 Be8 22. Rhe1 b5 23. Bb3 Bc6 24. Ne4 Nxe4 25. fxe4 Bg7 26. Rf1 Bxe4 27. Bxf7+
Kh8 28. Qd8+ Rxd8 29. Rxd8+ Bf8 30. Bb3 Bf3 0-1

[Event "AUTO-OPEN-871"]
[Site "http://www.queenalice.com/game.php?id=289164"]
[Date "2007.10.19"]
[Round "1"]
[White "Gil"]
[Black "JailtonMendes"]
[Result "1/2-1/2"]
[WhiteElo "2232"]
[BlackElo "1824"]

1. d4 Nf6 2. c4 e5 3. dxe5 Ng4 4. Nf3 Bc5 5. e3 Nc6 6. Qd5 Qe7 7. Nc3 Ngxe5 8.
Qe4 d6 9. Nxe5 Bb4 10. Bd2 Nxe5 11. Nd5 Bxd2+ 12. Kxd2 Qd7 13. f4 f5 14. Qc2 Ng4
15. Be2 O-O 16. Bxg4 fxg4 17. Rad1 Qf7 18. Kc1 Be6 19. b3 a5 20. Nc3 a4 21. Nxa4
Rxa4 22. bxa4 Bxc4 23. Rd2 d5 24. Qc3 Ra8 25. a5 b6 26. axb6 cxb6 27. Rb2 b5 28.
h3 g3 29. h4 Qe7 30. Qe5 Qc5 31. Rh3 Bxa2+ 32. Kd2 Ra3 33. Rxg3 g6 34. Qb8+ Kf7
35. Qh8 h5 36. f5 Bb1 37. Rxb1 Ra2+ 38. Ke1 Qc2 39. Qh7+ Kf8 40. Qh8+ Kf7 41.
Qh7+ Kf8 1/2-1/2

[Event "AUTO-OPEN-871"]
[Site "http://www.queenalice.com/game.php?id=289166"]
[Date "2007.10.19"]
[Round "1"]
[White "candycorn"]
[Black "JailtonMendes"]
[Result "0-1"]
[WhiteElo "1383"]
[BlackElo "1794"]

1. e4 e5 2. d3 d5 3. exd5 Qxd5 4. c4 Qd6 5. Be3 Nc6 6. Nf3 Bf5 7. d4 exd4 8.
Bxd4 O-O-O 9. c5 Qe6+ 10. Be2 Bxc5 11. g4 Bxb1 12. Rxb1 Nxd4 13. Nxd4 Rxd4 14.
Qc2 Bb4+ 15. Kf1 Rd2 16. Qa4 Qxe2+ 17. Kg2 Qxf2+ 18. Kh3 Rd3# 0-1

[Event "Challenge"]
[Site "http://www.queenalice.com/game.php?id=290935"]
[Date "2007.10.22"]
[Round "-"]
[White "JailtonMendes"]
[Black "hartto"]
[Result "1-0"]
[WhiteElo "1738"]
[BlackElo "1840"]

1. e4 e5 2. Nf3 Nc6 3. Bc4 Bc5 4. c3 Nf6 5. d4 exd4 6. cxd4 Bb4+ 7. Bd2 Bxd2+ 8.
Nbxd2 d6 9. O-O Bg4 10. Bb5 O-O 11. Bxc6 bxc6 12. Rc1 Qd7 13. Re1 Rfe8 14. Re3
Re7 15. e5 Nd5 16. Ra3 dxe5 17. dxe5 Rae8 18. Qa4 1-0

[Event "Challenge"]
[Site "http://www.queenalice.com/game.php?id=290937"]
[Date "2007.10.22"]
[Round "-"]
[White "JailtonMendes"]
[Black "PLDunton"]
[Result "0-1"]
[WhiteElo "1769"]
[BlackElo "1935"]

1. e4 e5 2. Nf3 Nc6 3. Bb5 d6 4. O-O Bd7 5. c3 Nf6 6. Re1 Be7 7. d4 exd4 8. cxd4
a6 9. Ba4 b5 10. Bb3 O-O 11. e5 dxe5 12. dxe5 Ne8 13. Bd5 Rb8 14. Be4 Bc5 15.
Ng5 g6 16. h4 Nxe5 17. h5 Qf6 18. Rf1 Bf5 19. hxg6 fxg6 20. Qd5+ Kg7 21. Qxc5
Nc4 22. Bxf5 Qxf5 23. Qxc7+ Nxc7 0-1

[Event "AUTO-OPEN-875"]
[Site "http://www.queenalice.com/game.php?id=290947"]
[Date "2007.10.22"]
[Round "1"]
[White "madz123456"]
[Black "JailtonMendes"]
[Result "0-1"]
[WhiteElo "1707"]
[BlackElo "1824"]

1. e4 c5 2. Nf3 d6 3. c3 Nf6 4. Be2 Nc6 5. d4 cxd4 6. cxd4 Nxe4 7. d5 Qa5+ 8.
Nc3 Nxc3 9. bxc3 Qxc3+ 10. Bd2 Qf6 11. dxc6 bxc6 12. O-O e5 13. Qc2 Bb7 14. Rab1
Qe7 15. Ba6 Rb8 16. Bxb7 Qc7 17. Bxc6+ Kd8 0-1

[Event "AUTO-OPEN-875"]
[Site "http://www.queenalice.com/game.php?id=290948"]
[Date "2007.10.22"]
[Round "1"]
[White "JailtonMendes"]
[Black "madz123456"]
[Result "1-0"]
[WhiteElo "1842"]
[BlackElo "1433"]

1. e4 e5 2. Nf3 Nc6 3. Bc4 Bc5 4. Nc3 d6 5. O-O Bg4 6. h3 Bh5 7. Na4 Bxf3 8.
Qxf3 Nf6 9. Nxc5 dxc5 10. c3 O-O 11. d3 Na5 12. Bg5 h6 13. Bh4 Qd6 14. a3 g5 15.
Bg3 Nxc4 16. dxc4 Qe6 17. h4 c6 18. hxg5 hxg5 19. Qe3 Nh7 20. Qxc5 Rfe8 21. Rad1
Nf6 22. Rfe1 1-0

[Event "AUTO-OPEN-875"]
[Site "http://www.queenalice.com/game.php?id=290975"]
[Date "2007.10.22"]
[Round "1"]
[White "JailtonMendes"]
[Black "gamelover"]
[Result "1-0"]
[WhiteElo "1750"]
[BlackElo "1865"]

1. e4 e6 2. e5 d5 3. exd6 Bxd6 4. Nf3 Nf6 5. Bc4 O-O 6. O-O c5 7. Nc3 a6 8. d4
b5 9. dxc5 Bxc5 10. Bd3 Bb7 11. Bg5 1-0

[Event "AUTO-OPEN-875"]
[Site "http://www.queenalice.com/game.php?id=290976"]
[Date "2007.10.22"]
[Round "1"]
[White "gamelover"]
[Black "JailtonMendes"]
[Result "0-1"]
[WhiteElo "1865"]
[BlackElo "1790"]

1. d4 Nf6 2. c4 e5 3. dxe5 Ng4 4. Bf4 Nc6 5. Nf3 Bb4+ 6. Nbd2 Qe7 7. e3 Ngxe5 8.
Be2 Ng6 9. Bg3 Qf6 10. a3 Be7 0-1

[Event "Challenge"]
[Site "http://www.queenalice.com/game.php?id=291002"]
[Date "2007.10.22"]
[Round "-"]
[White "JailtonMendes"]
[Black "Louis"]
[Result "1-0"]
[WhiteElo "1728"]
[BlackElo "1400"]

1. e4 e5 2. Nf3 Nc6 3. Bc4 Bc5 4. O-O d6 5. d3 Bg4 6. Bxf7+ Kf8 7. c3 Qf6 8. Bb3
Bxf3 9. gxf3 Nge7 10. f4 exf4 11. d4 Bb6 12. Bc2 g5 13. Qf3 Ng6 14. Qh5 Ke7 15.
Nd2 Rag8 16. Nf3 1-0

[Event "ipnnose"]
[Site "http://www.queenalice.com/game.php?id=291009"]
[Date "2007.10.22"]
[Round "-"]
[White "JailtonMendes"]
[Black "stk"]
[Result "1-0"]
[WhiteElo "1842"]
[BlackElo "1200"]

1. e4 b5 2. Bxb5 e6 3. Nf3 c6 4. Be2 h5 5. d4 h4 6. d5 cxd5 7. exd5 Rh5 8. dxe6
fxe6 9. c4 Bb4+ 10. Nbd2 d5 11. Qa4+ Bd7 12. Qxb4 a5 13. Qb7 Na6 14. cxd5 Nc5
15. Qxa8 Qxa8 16. dxe6 Bc6 17. Nd4 Bxg2 18. Bxh5+ Ke7 19. Rg1 Nd3+ 20. Kd1 h3
21. Nc4 Qd5 22. Be3 Qxh5+ 23. Kd2 Nc5 24. Bf4 Ne4+ 25. Ke3 Qh4 26. Nf5+ Kxe6 27.
Nxh4 Ngf6 28. Nxg2 Kf5 29. Nh4+ Ke6 30. Rxg7 a4 31. Rd1 Nh5 32. Ra7 Nc5 33. Rd6#
1-0

[Event "AUTO-OPEN-876"]
[Site "http://www.queenalice.com/game.php?id=291518"]
[Date "2007.10.23"]
[Round "1"]
[White "rmchacal"]
[Black "JailtonMendes"]
[Result "1-0"]
[WhiteElo "1361"]
[BlackElo "1806"]

1. e4 c5 2. Bc4 d6 3. d4 cxd4 4. Qxd4 Nc6 5. Qd1 Nf6 6. Nc3 g6 7. Nf3 Bg7 8. Ng5
O-O 9. Be3 Bd7 10. O-O Rc8 11. Bxa7 Nxa7 12. Bb3 Bg4 13. f3 Bd7 14. Bxf7+ Rxf7
15. Nxf7 Kxf7 16. Nd5 Be6 17. Nxf6 Bxf6 18. Rb1 Qb6+ 19. Rf2 Bd4 20. Qd2 Bxf2+
21. Qxf2 Qxf2+ 22. Kxf2 Rxc2+ 23. Kf1 Nb5 24. a4 Nd4 25. b4 1-0

[Event "AUTO-OPEN-876"]
[Site "http://www.queenalice.com/game.php?id=291519"]
[Date "2007.10.23"]
[Round "1"]
[White "JailtonMendes"]
[Black "rmchacal"]
[Result "0-1"]
[WhiteElo "1806"]
[BlackElo "1331"]

1. e4 e5 2. Nf3 d6 3. Bc4 Be6 4. Bxe6 fxe6 5. d3 Nc6 6. Be3 Qf6 7. c3 O-O-O 8.
Bg5 Qg6 9. Bxd8 Nxd8 10. O-O Nf6 11. a4 Ng4 12. h3 Nf6 13. b4 Nd7 14. a5 d5 15.
exd5 exd5 16. Qa4 Nc6 17. b5 Nc5 18. Qa2 Nxd3 19. bxc6 Qxc6 20. Rd1 e4 21. Nd4
Qf6 22. Qe2 Bc5 23. Rxd3 exd3 24. Qxd3 Rf8 0-1

[Event "AUTO-OPEN-876"]
[Site "http://www.queenalice.com/game.php?id=291546"]
[Date "2007.10.23"]
[Round "1"]
[White "PLDunton"]
[Black "JailtonMendes"]
[Result "1-0"]
[WhiteElo "1854"]
[BlackElo "1823"]

1. e4 c5 2. Nf3 d6 3. Nc3 Nf6 4. d4 cxd4 5. Nxd4 g6 6. Bc4 Bg7 7. Be3 O-O 8. Qd2
Nc6 9. O-O-O Bd7 10. h3 Rc8 11. Bb3 Ne5 12. f4 Nc4 13. Bxc4 Rxc4 14. Qd3 Rxc3
15. Qxc3 Nxe4 16. Qb4 Nc5 17. g4 a5 18. Qd2 Qb6 19. c3 Ba4 20. Rde1 e5 21. fxe5
dxe5 22. Nc2 Rd8 23. Qe2 Bh6 24. Rd1 Rxd1+ 25. Rxd1 Bb5 26. Qf3 e4 27. Qf2 Nd3+
28. Rxd3 1-0

[Event "AUTO-OPEN-876"]
[Site "http://www.queenalice.com/game.php?id=291547"]
[Date "2007.10.23"]
[Round "1"]
[White "JailtonMendes"]
[Black "PLDunton"]
[Result "0-1"]
[WhiteElo "1794"]
[BlackElo "1924"]

1. e4 e5 2. Nf3 Nc6 3. Bc4 Nf6 4. O-O d5 5. exd5 Nxd5 6. Qe2 Be6 7. Bb5 f6 8. d4
Qd6 9. c4 Ne7 10. d5 Bg4 11. dxc6 Nxc6 12. Rd1 Qe6 13. h3 Bh5 14. Nc3 Bd6 15.
Qe4 O-O 16. Bxc6 bxc6 17. g4 Bg6 18. Qxc6 e4 19. Re1 Bh2+ 0-1

[Event "AUTO-OPEN-876"]
[Site "http://www.queenalice.com/game.php?id=291564"]
[Date "2007.10.23"]
[Round "1"]
[White "rigler8"]
[Black "JailtonMendes"]
[Result "0-1"]
[WhiteElo "1457"]
[BlackElo "1841"]

1. e4 c5 2. d4 cxd4 3. Qxd4 Nc6 4. Qd1 Nf6 5. g3 d5 6. Nc3 d4 7. Nce2 Nxe4 8. f3
Qa5+ 9. Bd2 Nxd2 10. a3 Ne4+ 11. c3 dxc3 12. bxc3 Nxc3 13. Qc1 Ne4+ 14. Kd1 Nf2+
15. Kc2 Bf5+ 16. Kb2 Nd3+ 17. Kc2 Nxc1+ 18. Kxc1 Nb4 19. g4 Rc8+ 20. Kd1 Rd8+
21. Kc1 Qc5+ 0-1